F1 2020 Zwycięzcy Wyścigów - Statystyki

Ogólne statystyki
  • Ten quiz został rozwiązany 142 razy
    110 od ostatniego zresetowania
  • Średni wynik to 16 z 17
Statystyki odpowiedzi
Hint Odpowiedź % Poprawnych
GP Wielkiej Brytanii Lewis Hamilton
99%
GP Styrii (Austrii) Lewis Hamilton
98%
GP Węgier Lewis Hamilton
98%
GP Austrii Valtteri Bottas
96%
GP Hiszpanii Lewis Hamilton
95%
GP Belgii Lewis Hamilton
95%
GP Toskanii (Włoch) Lewis Hamilton
94%
GP Eifelu (Niemiec) Lewis Hamilton
94%
GP Portugalii Lewis Hamilton
94%
GP Emilii-Romanii (Włoch) Lewis Hamilton
94%
GP Turcji Lewis Hamilton
94%
GP 70 Lecia F1 (Wielkiej Brytanii) Max Verstappen
92%
GP Bahrajnu Lewis Hamilton
91%
GP Rosji Valtteri Bottas
90%
GP Abu Zabi Max Verstappen
89%
GP Sakhiru (Bahrajnu) Sergio Perez
88%
GP Włoch Pierre Gasly
87%
Nie znaleziono quizów pasujących do podanych kryteriów
Rozkład punktacji
Procent ludzi z każdym wynikiem
Percentyl według liczby udzielonych odpowiedzi
Twoja historia wyników
Nie rozwiązałeś tego quizu od ostatniego zresetowania